000 01127nam0a2200313 4500
001 RU\NLR\BIBL_A\022644082
005 20260406055537.0
010 _a978-5-91313-390-8
_9200
035 _a(NLR Aleph) 022644082
090 _a13506802
_c13506802
100 _a20251015d2025 u y0rusy50 ca
101 0 _arus
102 _aRU
105 _aa z 000zy
181 0 _ai3
_baxxe
182 0 _an
200 1 _aНачала астрологии для "почемучек". Elementa Astrologica
_fВ. В. Горбацевич (В.В.Г.)
203 _aТекст
_bвизуальный
_cнепосредственный
210 _aМосква
_cМир Урании
_d2025
215 _a372 с.
_cил.
_d21
320 _aБиблиогр.: с. 372 (9 назв.)
517 1 _aElementa Astrologica
606 1 _aАстрология
_91178522
_3RU\NLR\AUTH\66156241
686 1 _aЭ391.211
700 1 _8rus
_7ca
_aГорбацевич
_bВ.В.
_gВладимир Витальевич
_3RU\NLR\AUTH\779907
_9119703
942 _cBOOK
980 _aNB